[Event "Mumbai Wealth U13 op 5th"]
[Site "Mumbai"]
[Date "2020.01.06"]
[Round "8"]
[White "Siddhant, Bharti"]
[Black "Gauraang, Jayesh Saitawadekar"]
[Result "1-0"]
[WhiteElo "1128"]
[BlackElo "1031"]
[PlyCount "77"]
[EventDate "2019.12.30"]
[EventType "swiss"]
[EventRounds "9"]
[EventCountry "IND"]
[SourceTitle "CBM 194 Extra"]
[Source "ChessBase"]
[SourceDate "2020.03.31"]
[SourceVersion "1"]
[SourceVersionDate "2020.03.31"]
[SourceQuality "1"]

1. e4 e5 2. Nf3 d6 3. d4 exd4 4. Nxd4 Nf6 5. Nc3 Be7 6. Bc4 Nc6 7. 0-0 0-0 8. Be3 Ne5 9. Be2 c5 10. Nf3 Be6 11. Bf4 Nxf3+ 12. Bxf3 Qb6 13. Qd2 Rfd8 14. Rfd1 Rd7 15. Rab1 a5 16. Qd3 c4 17. Qe2 Qc5 18. Be3 Qc7 19. Bd4 Ra6 20. Re1 Ne8 21. Bg4 Bxg4 22. Qxg4 Nf6 23. Qg3 Nh5 24. Qg4 Nf6 25. Bxf6 Bxf6 26. Nd5 Qd8 27. Nxf6+ Qxf6 28. Qxd7 Ra8 29. Qxb7 Rf8 30. Qb5 c3 31. e5 dxe5 32. Qxe5 Qxe5 33. Rxe5 cxb2 34. Rxb2 Rd8 35. Kf1 h6 36. Reb5 Kh7 37. c4 Rd1+ 38. Ke2 Rc1 39. Kd2 1-0

[Event "Mumbai Wealth U13 op 5th"]
[Site "Mumbai"]
[Date "2020.01.04"]
[Round "6"]
[White "Gauraang, Jayesh Saitawadekar"]
[Black "Darsh, Shetty"]
[Result "0-1"]
[WhiteElo "1031"]
[BlackElo "1227"]
[PlyCount "114"]
[EventDate "2019.12.30"]
[EventType "swiss"]
[EventRounds "9"]
[EventCountry "IND"]
[SourceTitle "CBM 194 Extra"]
[Source "ChessBase"]
[SourceDate "2020.03.31"]
[SourceVersion "1"]
[SourceVersionDate "2020.03.31"]
[SourceQuality "1"]

1. e4 c5 2. Nf3 g6 3. Be2 Bg7 4. d3 Nc6 5. c3 d5 6. 0-0 e6 7. Bf4 Nge7 8. Nbd2 0-0 9. Qc2 b6 10. a3 a5 11. Rab1 Bb7 12. Rfe1 Rc8 13. c4 dxe4 14. Nxe4 e5 15. Be3 Nf5 16. Qb3 Ncd4 17. Nxd4 cxd4 18. Bd2 Bxe4 19. dxe4 Nd6 20. Bd3 Nb7 21. Qa2 Nc5 22. Bf1 a4 23. Bb4 Re8 24. Bxc5 Rxc5 25. b4 axb3 26. Rxb3 Bf8 27. a4 Ra5 28. Rb5 Bc5 29. Rxa5 bxa5 30. Qc2 Re6 31. Bd3 Rb6 32. Rb1 Qb8 33. Rb5 Rxb5 34. cxb5 Qd6 35. Kf1 Kf8 36. Kg1 Ke7 37. Kf1 Bb4 38. Qc6 Qxc6 39. bxc6 Kd6 40. Bb5 f5 41. f3 Bc5 42. Ke2 fxe4 43. fxe4 Bb6 44. h4 h6 45. Ke1 Ke6 46. Ke2 Kf6 47. Kf3 Bc7 48. Kg4 h5+ 49. Kf3 g5 50. g3 gxh4 51. gxh4 Ke7 52. Ke2 Kd6 53. Kf2 Kc5 54. Ke2 Kd6 55. Kf3 Kc5 56. Ke2 Bd8 57. Kf2 Bxh4+ 0-1